[Event "45th Olympiad 2024"]
[Site "Budapest HUN"]
[Date "2024.09.22"]
[Round "11.24"]
[Board "2"]
[White "Berdayes Ason, Dylan Isidro"]
[Black "Sipila, Vilka"]
[Result "0-1"]
[WhiteElo "2474"]
[BlackElo "2462"]
[PlyCount "78"]
[EventDate "2024.09.11"]
[WhiteTeam "Cuba"]
[BlackTeam "Finland"]
[WhiteTeamCountry "CUB"]
[BlackTeamCountry "FIN"]

1. d4 Nf6 2. c4 e6 3. Nc3 Bb4 4. e3 O-O 5. Bd3 d5 6. cxd5 exd5 7. a3 Bd6 8. Qc2 c6 9. Nge2 Re8 ({RR} 9... Qc7 10. Bd2 Re8 11. f3 Bf8 12. g4 g6 13. g5 Nh5 14. Nxd5 Qd8 15. Ndc3 Qxg5 16. O-O-O Nd7 17. f4 Qh4 18. f5 Ndf6 19. Rhg1 Bg7 20. e4 Ng4 21. Rdf1 gxf5 22. e5 f4 23. Nxf4 Nxf4 24. Bxf4 {1-0 Berdayes Ason,D (2505)-Miranda Llanes,Y (2269) 57th Capablanca Mem Open 2024 (2.4)}) 10. Bd2 h6 $146 ({RR} 10... Nbd7 11. f3 c5 12. g4 cxd4 13. exd4 Nb6 14. g5 Nh5 15. Bxh7+ Kf8 16. O-O-O Bd7 17. Bf5 Rc8 18. Bxd7 Qxd7 19. Rhe1 g6 20. Kb1 Nc4 21. Bc1 b5 22. Qb3 a6 23. Ka2 Qf5 24. f4 Nb6 25. Ng3 {1-0 Pranav,A (2510)-Aizenberg,B (2395) Titled Tue 6th Jun Early 2023 (8)}) ({RR} 10... b6 11. f3 c5 12. g4 c4 13. Bf5 Bxf5 14. Qxf5 g6 15. Qg5 Nc6 16. O-O Bf8 17. Qh4 h6 18. Rad1 b5 19. Qf2 Qd7 20. Qg2 Bg7 21. h4 Ne7 22. Nf4 a5 23. Nce2 Qb7 24. g5 hxg5 25. hxg5 {1-0 Firouzja,A (2804)-Dominguez Perez,L (2753) Bucharest Superbet Classic 2022 (7)}) ({RR} 10... Nbd7 11. f3 c5 12. h4 Rb8 13. O-O-O g6 14. h5 c4 15. hxg6 cxd3 16. gxh7+ Kh8 17. Qxd3 b5 18. g4 a5 19. g5 b4 20. axb4 axb4 21. Rdg1 Ne4 22. fxe4 bxc3 23. Nxc3 Qa5 24. Nxd5 Qa1+ 25. Qb1 {1-0 Konyves,A (2282)-Kolimar,K (2298) Vezerkepzo IM Christmas 2023 (7.2)}) ({RR} 10... Nbd7 11. f3 c5 12. h4 h5 13. O-O-O cxd4 14. exd4 Nb6 15. Bg5 Bd7 16. g4 Rc8 17. Rdg1 hxg4 18. h5 Na4 19. h6 Rxe2 20. Bxe2 Nxc3 21. bxc3 Bxa3+ 22. Kd2 Ne4+ 23. Qxe4 Qxg5+ 24. f4 dxe4 25. fxg5 {1-0 Gholami Orimi,M (2470)-Deac,B (2692) Titled Tue 23rd Apr Late 2024 (6)}) 11. h3 Nbd7 12. g4 a5 13. f3 b5 14. h4 Ba6 15. g5 b4 16. Na4 Bxd3 17. Qxd3 Nh5 18. Kf2 Qb8 19. Rag1 g6 20. gxh6 Qb5 21. Rxg6+ fxg6 22. Qxg6+ Kh8 23. Qxd6 Rg8 24. Re1 Qxa4 25. Qxd7 Qc2 26. Bc1 Ng3 27. Qe6 Ne4+ 28. Kf1 Raf8 29. Qe5+ Kh7 30. f4 Rf7 31. Qe6 Rf6 32. Qe7+ Kxh6 33. h5 Rg7 34. Qe8 Kh7 35. Qe5 Ng3+ 36. Kf2 Nxe2 37. Rxe2 Qxc1 38. Re1 Qxb2+ 39. Re2 Qb1 0-1

[Event "45th Olympiad 2024"]
[Site "Budapest HUN"]
[Date "2024.09.22"]
[Round "11.24"]
[Board "3"]
[White "Agopov, Mikael"]
[Black "Miranda Mesa, Elier"]
[Result "0-1"]
[WhiteElo "2451"]
[BlackElo "2512"]
[PlyCount "38"]
[EventDate "2024.09.11"]
[WhiteTeam "Finland"]
[BlackTeam "Cuba"]
[WhiteTeamCountry "FIN"]
[BlackTeamCountry "CUB"]

1. e4 c6 2. d4 d5 3. e5 c5 4. dxc5 e6 5. a3 Bxc5 6. Nf3 Qb6 7. Qd2 Bd7 8. Nc3 Qc7 9. Qg5 g6 10. Bd3 h6 11. Qf4 Nc6 12. b4 $146 ({RR} 12. O-O a6 13. h4 Bf8 14. Qg3 Nge7 15. h5 g5 16. Bd2 Bg7 17. Rfe1 Nc8 18. b4 Nb6 19. Rab1 Nc4 20. Bxc4 dxc4 21. Re4 b5 22. Be3 Bc8 23. Bc5 Bf8 24. Bxf8 Kxf8 25. Rd1 Bb7 26. Re2 Rd8 {1-0 Hnatyshyn,A (1764)-Yeshchenko,U (2095) Kiev-Lvov Region Blitz 2021 (5)}) 12... g5 13. Nb5 Qb6 14. Qg4 Bxf2+ 15. Ke2 f5 16. Qh5+ Kd8 17. Nxg5 Nxe5 18. Nd6 Nf6 19. Ngf7+ Ke7 0-1

[Event "45th Olympiad 2024"]
[Site "Budapest HUN"]
[Date "2024.09.22"]
[Round "11.24"]
[Board "4"]
[White "Almeida Quintana, Omar"]
[Black "Wartiovaara, Oliver"]
[Result "1/2-1/2"]
[WhiteElo "2492"]
[BlackElo "2300"]
[PlyCount "114"]
[EventDate "2024.09.11"]
[WhiteTeam "Cuba"]
[BlackTeam "Finland"]
[WhiteTeamCountry "CUB"]
[BlackTeamCountry "FIN"]

1. d4 d5 2. Nf3 Nf6 3. c4 c6 4. e3 Bf5 5. Nc3 e6 6. Nh4 Bg6 7. Qb3 Qc7 8. Bd2 Ne4 9. Nxe4 Bxe4 10. f3 dxc4 11. Bxc4 Bd5 12. e4 Bxc4 13. Qxc4 Be7 14. g3 Nd7 15. Ng2 g6 $146 ({RR} 15... Rd8 16. Be3 Qa5+ 17. Bd2 Qc7 18. Be3 Qa5+ 19. Bd2 Qc7 20. Be3 {½-½ Almeida Quintana,O (2452)-Dominguez Perez,L (2658) CUB-ch KO Santa Clara 2005 (2.1)}) ({RR} 15... O-O 16. O-O Nb6 17. Qc2 Rfd8 18. Be3 e5 19. dxe5 Qxe5 20. f4 Qb5 21. b3 Qd3 22. Qxd3 Rxd3 23. Kf2 Rad8 24. Ke2 f5 25. exf5 Bf6 26. Rad1 Rxd1 27. Rxd1 Nd5 28. Bd2 Ne7 29. g4 h5 30. h3 {1-0 Bambino Filho,A (2169)-Ballotti,L (2223) Titled Tue 23rd Apr Early 2024 (6)}) ({RR} 15... b5 16. Qc2 Qb6 17. Be3 Qa5+ 18. Ke2 Rc8 19. a3 Qa6 20. Rhc1 O-O 21. b4 Nb6 22. Nf4 e5 23. dxe5 Nc4 24. Nd3 Rc7 25. Rd1 Qc8 26. Bf2 a5 27. bxa5 Bxa3 28. Qb3 Be7 29. a6 Qa8 30. a7 {1-0 Csiszar,C (2393)-Sipos,T (2098) HUN-chT 0304 2003 (4)}) ({RR} 15... O-O 16. O-O Nb6 17. Qc2 Rfd8 18. Be3 e5 19. Rfd1 Rd7 20. dxe5 Rxd1+ 21. Rxd1 Qxe5 22. Bd4 Qb5 23. Ne3 Rd8 24. b3 Bf8 25. Kg2 c5 26. Bb2 Rxd1 27. Qxd1 Qd7 28. Qc2 Nc8 29. Nd5 b6 30. Qd2 {½-½ Zatonskih,A (2499)-Ushenina,A (2454) Bucharest Controceni (Women) 2nd 2011 (6)}) 16. Nf4 O-O-O 17. Bc3 Rhe8 18. Ne2 Kb8 19. O-O-O Nb6 20. Qb3 c5 21. Kb1 Qc6 22. dxc5 Bxc5 23. Be5+ Ka8 24. Nd4 Bxd4 25. Bxd4 Nc4 26. Qb4 a5 27. Qc3 e5 28. Bf2 f5 29. Ka1 a4 30. Qb4 b5 31. b3 axb3 32. axb3 Qa6+ 33. Kb1 Na3+ 34. Kb2 Nc2 35. Kxc2 Qa2+ 36. Kc3 Rc8+ 37. Bc5 Rxc5+ 38. Qxc5 b4+ 39. Kd3 Rd8+ 40. Ke3 Qxb3+ 41. Ke2 Qa2+ 42. Ke1 Rxd1+ 43. Kxd1 b3 44. Qc4 Qa1+ 45. Ke2 Qxh1 46. Qa4+ Kb7 47. Qxb3+ Kc6 48. Qc4+ Kb6 49. Qe6+ Kb7 50. exf5 Qg2+ 51. Ke3 Qg1+ 52. Kd3 Qd4+ 53. Ke2 Qb2+ 54. Kf1 Qc1+ 55. Kg2 Qd2+ 56. Kh3 Qh6+ 57. Kg2 Qd2+ 1/2-1/2

[Event "45th Olympiad 2024"]
[Site "Budapest HUN"]
[Date "2024.09.22"]
[Round "11.25"]
[Board "1"]
[White "Kulaots, Kaido"]
[Black "Kadric, Denis"]
[Result "1-0"]
[WhiteElo "2506"]
[BlackElo "2553"]
[PlyCount "53"]
[EventDate "2024.09.11"]
[WhiteTeam "Estonia"]
[BlackTeam "Montenegro"]
[WhiteTeamCountry "EST"]
[BlackTeamCountry "MNE"]

1. e4 e5 2. Nf3 Nf6 3. Nxe5 d6 4. Nf3 Nxe4 5. d4 d5 6. Bd3 Nc6 7. O-O Be7 8. Nbd2 Bf5 9. Re1 Nxd2 10. Qxd2 Bxd3 11. Qxd3 O-O 12. c3 Qd7 13. Bf4 a6 14. Re2 Rae8 15. Rae1 Bd8 16. h4 f6 17. Nd2 Rxe2 18. Qxe2 a5 19. Nb3 b6 20. Na1 Rf7 $146 ({RR} 20... Ne7 21. Nc2 Re8 22. h5 Kf7 23. g4 g5 24. Bg3 f5 25. Qd3 Kg8 26. gxf5 Rf8 27. Ne3 Nxf5 28. Nxf5 Rxf5 29. Qe2 Kf8 30. Qg4 Rf7 31. Re6 Qb5 32. Re3 Qd7 33. Re6 Qb5 34. b3 a4 35. Re3 {½-½ Volokitin,A (2660)-Kadric,D (2553) 45th Olympiad 2024 (6.12)}) 21. Qb5 Be7 22. Nc2 Bd6 23. Bxd6 Qxd6 24. Ne3 Ne7 25. c4 dxc4 26. Nf5 Qd8 27. Rxe7 1-0

[Event "45th Olympiad 2024"]
[Site "Budapest HUN"]
[Date "2024.09.22"]
[Round "11.25"]
[Board "2"]
[White "Petrov, Nikita"]
[Black "Volodin, Aleksandr"]
[Result "1-0"]
[WhiteElo "2574"]
[BlackElo "2457"]
[PlyCount "71"]
[EventDate "2024.09.11"]
[WhiteTeam "Montenegro"]
[BlackTeam "Estonia"]
[WhiteTeamCountry "MNE"]
[BlackTeamCountry "EST"]

1. d4 d5 2. c4 e6 3. Nc3 Nf6 4. Bg5 c6 5. e3 Nbd7 6. Nf3 h6 7. Bh4 Be7 8. Bd3 dxc4 9. Bxc4 b5 10. Bd3 Bb7 11. O-O O-O 12. Rc1 Rc8 13. a3 a5 14. Ne5 Nxe5 15. dxe5 Nd7 16. Bxe7 Qxe7 17. f4 f5 $146 ({RR} 17... Nc5 18. Bb1 b4 19. axb4 axb4 20. Qc2 g6 21. Nd1 Nd7 22. Nf2 c5 23. Rfd1 Rfd8 24. Rd6 Nf8 25. Rcd1 Kg7 26. Qd2 Re8 27. h3 h5 28. Be4 Qc7 29. Kh2 Rb8 30. Rc1 Rec8 31. Bxb7 Qxb7 32. Rc4 {1-0 Sarana,A (2703)-Makarian,R (2524) Titled Tue 23rd Apr Late 2024 (6)}) ({RR} 17... Nc5 18. Bb1 Rfd8 19. Qc2 g6 20. Rfd1 a4 21. Ba2 Rxd1+ 22. Rxd1 Rd8 23. Rd4 Kg7 24. h3 Rd7 25. Qd1 Qd8 26. Rd6 Bc8 27. Qd4 Nb7 28. Ne4 Kf8 29. Qc3 Nxd6 30. exd6 Rxd6 31. Nxd6 Qxd6 32. Qh8+ {1-0 Chen,J (2376)-Huston,G (2439) Marshall CC Labor Day GM 2023 (2.3)}) ({RR} 17... Nc5 18. Bb1 Rfd8 19. Qc2 g6 20. Ne2 Nd7 21. Nd4 c5 22. Nxb5 Ba6 23. Nd6 Bxf1 24. Nxc8 Rxc8 25. Kxf1 c4 26. Qd2 Nb6 27. Qd4 Qc7 28. e4 Rd8 29. Qe3 Kg7 30. Ke2 Qc6 31. Qc3 Qb5 32. Bc2 {½-½ Karthik,V (2565)-Kaidanov,G (2563) FIDE World Cup 2023 (1.1)}) 18. exf6 Nxf6 19. Ne4 c5 20. Nd6 Rcd8 21. Nxb7 Qxb7 22. Qb3 b4 23. Rxc5 Qb6 24. axb4 a4 25. Qc4 Nd7 26. Qb5 Qa7 27. Qa5 Qxa5 28. Rxa5 Nb6 29. Be2 Rd2 30. Bg4 Kf7 31. Rf2 Rd6 32. e4 Rc8 33. Rc5 Rd4 34. Rfc2 Re8 35. Rc7+ Re7 36. Bh5+ 1-0

[Event "45th Olympiad 2024"]
[Site "Budapest HUN"]
[Date "2024.09.22"]
[Round "11.25"]
[Board "3"]
[White "Seeman, Tarvo"]
[Black "Djukic, Nikola"]
[Result "1/2-1/2"]
[WhiteElo "2375"]
[BlackElo "2515"]
[PlyCount "119"]
[EventDate "2024.09.11"]
[WhiteTeam "Estonia"]
[BlackTeam "Montenegro"]
[WhiteTeamCountry "EST"]
[BlackTeamCountry "MNE"]

1. Nf3 Nf6 2. g3 g6 3. Bg2 Bg7 4. O-O c5 5. c4 O-O 6. Nc3 d5 7. cxd5 Nxd5 8. Nxd5 Qxd5 9. d4 cxd4 10. Be3 Nc6 11. Nxd4 Qc4 12. Nxc6 bxc6 13. Qd2 Bg4 14. Rfc1 Qxe2 15. Qxe2 Bxe2 16. Rxc6 Rab8 17. Rc2 $146 ({RR} 17. Rb1 a6 18. b3 Rfd8 19. Re1 Bb5 20. Rc7 Bf6 21. Rec1 Bb2 22. Rb1 Bf6 23. Bf3 Rbc8 24. Rbc1 Rxc7 25. Rxc7 Kg7 26. a4 Bd3 27. b4 e6 28. Bb6 Rb8 29. Bc5 Be5 30. Rb7 Rxb7 31. Bxb7 Bc3 {1-0 Lindgren,P (2418)-Low,Z (2256) Rilton Cup 45th 2015 (3)}) 17... Rxb2 18. Rxb2 Bxb2 19. Rb1 Ba3 20. Rb3 Rd8 21. h4 Rd1+ 22. Kh2 Bd6 23. Bxa7 Bc4 24. Rb2 Ra1 25. Rc2 Rxa2 26. Rxc4 Rxa7 27. Rc2 Kg7 28. Bf3 f5 29. Kg2 Kf6 30. Be2 Ra3 31. Rd2 Rc3 32. Bd1 Rc1 33. Bb3 Rb1 34. Ba2 Rb6 35. Bc4 Rb4 36. Be2 h6 37. Rc2 e5 38. Rc6 Ke7 39. Rc2 e4 40. Bf1 Kf6 41. Be2 Ke5 42. Ra2 Bc5 43. Rc2 Kd4 44. Rd2+ Kc3 45. Rd5 Bd4 46. h5 Kd2 47. Bb5 g5 48. Rxf5 Rb2 49. Bc6 Kd3 50. Kf1 e3 51. fxe3 Bxe3 52. g4 Rb4 53. Rd5+ Bd4 54. Rb5 Rc4 55. Bd7 Rc1+ 56. Kg2 Ke4 57. Bf5+ Kf4 58. Rb1 Rxb1 59. Bxb1 Kxg4 60. Bg6 1/2-1/2

[Event "45th Olympiad 2024"]
[Site "Budapest HUN"]
[Date "2024.09.22"]
[Round "11.25"]
[Board "4"]
[White "Draskovic, Luka"]
[Black "Kanep, Meelis"]
[Result "1/2-1/2"]
[WhiteElo "2497"]
[BlackElo "2367"]
[PlyCount "90"]
[EventDate "2024.09.11"]
[WhiteTeam "Montenegro"]
[BlackTeam "Estonia"]
[WhiteTeamCountry "MNE"]
[BlackTeamCountry "EST"]

1. e4 c5 2. Nf3 d6 3. Bb5+ Nd7 4. O-O a6 5. Be2 Ngf6 6. d3 e6 7. a4 b6 8. Nfd2 Be7 9. f4 Bb7 ({RR} 9... O-O 10. Bf3 Bb7 11. Nc3 d5 12. g4 Nb8 13. g5 Ne8 14. exd5 exd5 15. Bg2 Nc7 16. Nc4 Nc6 17. Nxb6 Rb8 18. Nbxd5 Nxd5 19. Nxd5 Nd4 20. c4 Bd6 21. Be3 Nf5 22. Bd2 Bxd5 23. Bxd5 Rxb2 24. Bc3 {½-½ Nepomniachtchi,I (2771)-Carlsen,M (2839) AI Cup Div 1 W 2023 (2.2)}) 10. Bf3 Qc7 11. Nc3 h5 12. Nc4 $146 ({RR} 12. Qe2 O-O-O 13. Nc4 g6 14. e5 Ne8 15. Bxb7+ Qxb7 16. exd6 Nxd6 17. Nxd6+ Bxd6 18. Ne4 Be7 19. a5 b5 20. Ng5 Rhf8 21. Bd2 Bf6 22. Rab1 Nb8 23. b4 Nc6 24. bxc5 Bd4+ 25. Kh1 Bxc5 26. c4 b4 {1-0 Radeva,V (2315)-Koridze,L (2121) 24th ch-EUR Indiv w 2024 (5.42)}) 12... e5 13. fxe5 Nxe5 14. Bg5 Nxc4 15. dxc4 h4 16. e5 dxe5 17. Bxb7 Qxb7 18. Bxf6 Bxf6 19. Nd5 Bd8 20. Qf3 Ra7 21. Rae1 Qb8 22. Qf5 O-O 23. Rxe5 b5 24. b3 bxc4 25. bxc4 Rb7 26. c3 g6 27. Qe4 f5 28. Qe1 Rb1 29. Qxb1 Qxe5 30. Re1 Qd6 31. Qb7 Bg5 32. Qb2 Qc6 33. Qc2 Re8 34. Rxe8+ Qxe8 35. Kf2 a5 36. Qb3 Qe4 37. Qb8+ Kg7 38. Qc7+ Kh6 39. Qxc5 Qc2+ 40. Kf1 Qd1+ 41. Kf2 Qc2+ 42. Kf1 Qd1+ 43. Kf2 Qd2+ 44. Kf1 Qd3+ 45. Kf2 Qc2+ 1/2-1/2

[Event "45th Olympiad 2024"]
[Site "Budapest HUN"]
[Date "2024.09.22"]
[Round "11.26"]
[Board "1"]
[White "Meier, Georg"]
[Black "Bogner, Sebastian"]
[Result "1/2-1/2"]
[WhiteElo "2591"]
[BlackElo "2545"]
[PlyCount "26"]
[EventDate "2024.09.11"]
[WhiteTeam "Uruguay"]
[BlackTeam "Switzerland"]
[WhiteTeamCountry "URU"]
[BlackTeamCountry "SUI"]

1. Nf3 d5 2. g3 Nf6 3. Bg2 e6 4. O-O Be7 5. d4 O-O 6. c4 dxc4 7. Qc2 a6 8. a4 Nc6 9. Qxc4 Na5 10. Qc2 Nc6 ({RR} 10... b6 11. Ne5 Bb7 12. Bxb7 Nxb7 13. Nc6 Qd7 14. Rd1 Rfc8 15. Bg5 h6 16. Bxf6 Bxf6 17. Ra3 Nc5 18. Nb4 Nb7 19. Nc6 Nc5 20. Nb4 Nb7 21. Nc6 Nc5 {½-½ Ding Liren (2788)-Caruana,F (2764) Superbet Classic 2023 (2.3)}) ({RR} 10... b6 11. Ne5 Nd5 12. Bd2 Bb7 13. Bxa5 bxa5 14. Nc6 Bxc6 15. Qxc6 Rb8 16. Nc3 Nb4 17. Qe4 c6 18. Rfd1 Qb6 19. Rd2 Rfc8 20. Qg4 Nd5 21. e4 Nf6 22. Qe2 Bb4 23. Qc4 Nd7 24. e5 Qa7 25. Be4 {0-1 Davudov,T (2249)-Suleymanli,A (2626) Baku Open 2024 (1.5)}) 11. Qc4 $146 ({RR} 11. Rd1 Nb4 12. Qb3 Qd5 13. Nbd2 Qxb3 14. Nxb3 Nc2 15. Rb1 Bd7 16. Na1 Nb4 17. b3 Bc6 18. Ba3 {½-½ Orosz,A (2356)-Lee,Q (2272) Kecskemet Caissa IM 05 2016 (3)}) 11... Na5 12. Qc2 Nc6 13. Qc4 Na5 1/2-1/2

[Event "45th Olympiad 2024"]
[Site "Budapest HUN"]
[Date "2024.09.22"]
[Round "11.26"]
[Board "2"]
[White "Pelletier, Yannick"]
[Black "Rodriguez Vila, Andres"]
[Result "1/2-1/2"]
[WhiteElo "2526"]
[BlackElo "2417"]
[PlyCount "54"]
[EventDate "2024.09.11"]
[WhiteTeam "Switzerland"]
[BlackTeam "Uruguay"]
[WhiteTeamCountry "SUI"]
[BlackTeamCountry "URU"]

1. d4 f5 2. g3 Nf6 3. Bg2 d6 4. Nf3 g6 5. O-O Bg7 6. c4 O-O 7. Nc3 c6 8. d5 e5 9. dxe6 Bxe6 10. b3 Na6 11. Ng5 Bc8 12. Qc2 Nc5 13. Bb2 a5 14. Rad1 Qe7 15. Rfe1 Ng4 $146 ({RR} 15... Bd7 16. e3 Rad8 17. f4 Rfe8 18. Qd2 h6 19. Nh3 Be6 20. Nf2 Qc7 21. Qc2 Qb6 22. Ba3 Bf7 23. Bf3 Rd7 24. Kg2 Rde7 25. Rxd6 Rxe3 26. Rxe3 Rxe3 27. Nd5 Nxd5 28. cxd5 Ne4 29. Nxe4 fxe4 30. Bxe4 {0-1 Van der Sterren,P (2490)-Klip,H (2340) NED-chT Netherlands 1993 (3)}) 16. Nh3 f4 17. Qd2 Be5 18. gxf4 Rxf4 19. Nxf4 Qh4 20. Nh3 Bxh2+ 21. Kf1 Be6 22. e3 Rf8 23. f4 Bg3 24. Kg1 Bh2+ 25. Kh1 Bg3 26. Kg1 Bh2+ 27. Kh1 Bg3 1/2-1/2

[Event "45th Olympiad 2024"]
[Site "Budapest HUN"]
[Date "2024.09.22"]
[Round "11.26"]
[Board "3"]
[White "Vazquez, Facundo"]
[Black "Peng, Li Min"]
[Result "1-0"]
[WhiteElo "2388"]
[BlackElo "2514"]
[PlyCount "153"]
[EventDate "2024.09.11"]
[WhiteTeam "Uruguay"]
[BlackTeam "Switzerland"]
[WhiteTeamCountry "URU"]
[BlackTeamCountry "SUI"]

1. d4 d5 2. c4 e6 3. Nc3 c6 4. Nf3 dxc4 5. a4 Bb4 6. e3 b5 7. Bd2 a5 8. axb5 Bxc3 9. Bxc3 cxb5 10. b3 Bb7 11. bxc4 b4 12. Bb2 Nf6 13. Bd3 Nbd7 14. Qc2 O-O 15. O-O Qc7 16. Rfd1 ({RR} 16. Rfc1 Rfc8 17. e4 e5 18. c5 exd4 19. Bxd4 h6 20. e5 Nd5 21. e6 fxe6 22. Bh7+ Kh8 23. Bxg7+ Kxg7 24. Qg6+ Kh8 25. Qxh6 Nf8 26. Bg6+ Nh7 27. c6 Bxc6 28. Bxh7 Qxh7 29. Qxe6 Nc3 30. Ng5 Bd5 {0-1 Savchenko,B (2644)-Shulman,Y (2623) FIDE World Cup 2009 (1.6)}) ({RR} 16. Nd2 Ng4 17. Bxh7+ Kh8 18. g3 f5 19. Bg6 Rf6 20. Bh5 Nxh2 21. d5 Rh6 22. Qd1 Nc5 23. Kxh2 Qf7 24. Bd4 Rxh5+ 25. Kg2 Nd3 26. Qxh5+ Qxh5 27. Rh1 Qxh1+ 28. Rxh1+ Kg8 29. Ra1 exd5 30. c5 a4 {0-1 Buscar,M (2041)-Mirzoev,A (2418) Titled Tue 26th Sep Early 2023 (5)}) 16... Rfd8 $146 ({RR} 16... Rfe8 17. e4 e5 18. c5 exd4 19. Bxd4 h6 20. Re1 Ng4 21. Bc4 Nde5 22. Nxe5 Nxe5 23. Bd5 Nc6 24. Bb2 Nd8 25. Re3 Bxd5 26. exd5 Rxe3 27. fxe3 a4 28. Qc4 Qa5 29. Qg4 f6 30. Bxf6 Ra7 31. Bxd8 {1-0 Ellers,H (2225)-Lindner,D GER-ch int U20 1993}) ({RR} 16... Rfc8 17. Ne5 Nxe5 18. dxe5 Nd7 19. Bxh7+ Kh8 20. Rd4 g6 21. Bxg6 fxg6 22. Qxg6 Nf8 23. Rh4+ Nh7 24. Qxe6 a4 25. Rd1 Qg7 26. Qf6 Rc7 27. Rd8+ Rxd8 28. Qxd8+ Qg8 29. e6+ Rg7 30. e7 Bc6 31. Qf8 {1-0 Kryakvin,D (2469)-Yudin,S (2444) Moscow op 02nd 2006 (4)}) ({RR} 16... Rfe8 17. Ne5 Nxe5 18. dxe5 Nd7 19. Bxh7+ Kh8 20. Rd4 g6 21. Bxg6 fxg6 22. Qxg6 Nf8 23. Rh4+ Nh7 24. Rd1 Rg8 25. Qf6+ Qg7 26. Rd7 Bxg2 27. f4 Bc6+ 28. Rxg7 Rxg7+ 29. Kf1 Rag8 30. f5 Re8 31. fxe6 {1-0 Grishchenko,S (2330)-Frolyanov,D (2497) Ilyumzhinov Cup 2006}) 17. c5 Qc6 18. Ra4 Qc7 19. Bb5 Be4 20. Qe2 Rdb8 21. Raa1 Bc6 22. Ba4 Rd8 23. Nd2 Nb8 24. Nc4 Ra7 25. Nd6 Qd7 26. Bxc6 Nxc6 27. e4 Ne7 28. d5 Ne8 29. Nb5 Raa8 30. c6 Qc8 31. Qc4 exd5 32. exd5 Nf5 33. Qc5 Nfd6 34. Nxd6 Nxd6 35. Rxa5 Rxa5 36. Qxa5 Nc4 37. Qxb4 Nxb2 38. Qxb2 Qxc6 39. d6 h6 40. Qd4 Rd7 41. h4 f6 42. h5 Kf7 43. Rd3 Qc1+ 44. Kh2 Qc6 45. Qb4 Rb7 46. Qd2 Rd7 47. Qa2+ Kf8 48. Qe6 Qc8 49. Kg3 Qe8 50. Qxe8+ Kxe8 51. Kg4 Rb7 52. Rc3 Rb2 53. Kf3 Rb5 54. Rc7 Rf5+ 55. Ke4 Rg5 56. g3 Kd8 57. Kf4 Ke8 58. g4 Kd8 59. Re7 Kc8 60. Rf7 Kd8 61. Kg3 Ke8 62. d7+ Kd8 63. f4 Rd5 64. Rxg7 Rxd7 65. Rg6 Rd3+ 66. Kh4 Ke7 67. Rxh6 Rf3 68. Rh7+ Kf8 69. h6 Rxf4 70. Kh5 Kg8 71. Rg7+ Kh8 72. Rf7 Ra4 73. Rxf6 Ra8 74. g5 Rb8 75. Rf5 Ra8 76. g6 Kg8 77. h7+ 1-0

[Event "45th Olympiad 2024"]
[Site "Budapest HUN"]
[Date "2024.09.22"]
[Round "11.26"]
[Board "4"]
[White "Georgiadis, Nico"]
[Black "Roselli Mailhe, Bernardo"]
[Result "1-0"]
[WhiteElo "2510"]
[BlackElo "2362"]
[PlyCount "67"]
[EventDate "2024.09.11"]
[WhiteTeam "Switzerland"]
[BlackTeam "Uruguay"]
[WhiteTeamCountry "SUI"]
[BlackTeamCountry "URU"]

1. d4 Nf6 2. c4 e6 3. Nf3 Bb4+ 4. Bd2 a5 5. g3 d6 6. Bg2 Nbd7 7. Qc2 e5 8. Nc3 exd4 9. Nxd4 O-O 10. O-O c6 ({RR} 10... Ne5 11. b3 c6 12. Rad1 Re8 13. Bc1 Bc5 14. Bb2 Bg4 15. h3 Bh5 16. Ne4 Bg6 17. Nxf6+ Qxf6 18. Qc1 a4 19. Bc3 axb3 20. axb3 h5 21. Qb2 Qe7 22. Rfe1 Ra6 23. Ra1 Rb6 24. Qa2 Nd7 25. Qd2 {1-0 Radjabov,T (2733)-Bruzon Batista,L (2698) FIDE World Cup 2013 (2.6)}) ({RR} 10... Bc5 11. Nb3 Bb6 12. Na4 Ba7 13. Nxa5 c6 14. Rad1 Re8 15. e3 Nb6 16. Nc3 Bg4 17. Rc1 Qe7 18. h3 Bh5 19. b3 Bg6 20. Qb2 Rad8 21. Ne2 h6 22. Nf4 Bh7 23. Bc3 Nbd7 24. Nxb7 Rb8 25. Na5 {1-0 Serra Canals,O (2158)-Colonetti,F (2128) Titled Tue 28th Nov Early 2023 (5)}) 11. Rad1 Nb6 12. a3 $146 ({RR} 12. Na4 Re8 13. Bg5 Nxa4 14. Qxa4 h6 15. Bf4 Bd7 16. Qc2 Qe7 17. a3 Bc5 18. Qd3 Rad8 19. Rfe1 Bc8 20. Bd2 Bb6 21. e4 Qf8 22. h3 d5 23. exd5 cxd5 24. Rxe8 Qxe8 25. Be3 dxc4 26. Qxc4 Be6 {0-1 Das,S (1824)-Saurabh,A (2331) IND-ch U19 Kankarbagh 2017 (2)}) 12... Bc5 13. Nb3 Qe7 14. Nxc5 dxc5 15. b3 a4 16. Bf4 Re8 17. e4 axb3 18. Qxb3 Nfd7 19. Rfe1 f6 20. Bf1 Ra6 21. Bd6 Qf7 22. f4 Kh8 23. e5 f5 24. Re3 h6 25. Rde1 Qe6 26. Bd3 Qg6 27. Qb1 Nf8 28. Bxc5 Na8 29. Bd6 Qf7 30. Ne2 Ne6 31. Bxf5 Nxf4 32. Bxc8 Nxe2+ 33. R1xe2 Rxc8 34. e6 1-0

[Event "45th Olympiad 2024"]
[Site "Budapest HUN"]
[Date "2024.09.22"]
[Round "11.27"]
[Board "1"]
[White "Grandelius, Nils"]
[Black "Henderson de La Fuente, Lance"]
[Result "1/2-1/2"]
[WhiteElo "2653"]
[BlackElo "2519"]
[PlyCount "104"]
[EventDate "2024.09.11"]
[WhiteTeam "Sweden"]
[BlackTeam "Andorra"]
[WhiteTeamCountry "SWE"]
[BlackTeamCountry "AND"]

1. e4 e5 2. Nf3 Nc6 3. Bb5 Nf6 4. d3 Bd6 5. c3 O-O 6. O-O Re8 7. Re1 a6 8. Ba4 b5 9. Bc2 Bf8 10. Bg5 $146 ({RR} 10. d4 d6 11. Nbd2 Bg4 12. h3 Bh5 13. d5 Nb8 14. Nf1 Bg6 15. Ng3 c6 16. dxc6 Nxc6 17. Nh4 d5 18. Nxg6 hxg6 19. exd5 Qxd5 20. Qe2 Qd7 21. Bg5 Qc7 22. Qf3 Nh7 23. Be3 Nd4 24. cxd4 Qxc2 {½-½ Hansen,E (2584)-Schoellmann,J (2268) Oslo Vederhus Memorial op 2013 (1)}) ({RR} 10. a4 Rb8 11. axb5 axb5 12. Bg5 h6 13. Bh4 g5 14. Bg3 d6 15. h3 Bg7 16. Nbd2 Bb7 17. d4 Nd7 18. Nb3 Ne7 19. dxe5 dxe5 20. Nh2 Nc8 21. Nf1 Nd6 22. f3 Nc4 23. Qc1 Bf8 24. Rd1 c5 {1-0 Bellin,R (2397)-Magalotti,A (2169) Cattolica op 2005 (2)}) ({RR} 10. a4 Rb8 11. axb5 axb5 12. d4 d6 13. h3 h6 14. Nbd2 Bd7 15. Nf1 Ra8 16. Rxa8 Qxa8 17. Ng3 g6 18. Nh4 Bg7 19. Be3 Qd8 20. Nf3 d5 21. dxe5 Nxe4 22. Nxe4 dxe4 23. Bxe4 Nxe5 24. Nxe5 Rxe5 {1-0 Pichot,A (2424)-Slipak,S (2452) ARG-ch 89th Saenz Pena 2014 (13)}) 10... h6 11. Bh4 d6 12. Nbd2 Nb8 13. a4 Bb7 14. axb5 axb5 15. Rxa8 Bxa8 16. Bxf6 Qxf6 17. Qa1 Nd7 18. Qa5 c6 19. b4 Qd8 20. Ra1 Nb6 21. Qa7 Re7 22. Qa2 Re8 23. Qa7 Re7 24. Qa2 Re8 25. Bb3 Qc7 26. c4 Bb7 27. Qc2 bxc4 28. dxc4 c5 29. b5 g6 30. Nb1 Ra8 31. Rxa8 Bxa8 32. Nc3 Qa7 33. Qa2 Qxa2 34. Bxa2 Be7 35. Kf1 f5 36. Nd5 Bxd5 37. cxd5 Bg5 38. Bb1 fxe4 39. Bxe4 Kf7 40. Ke2 Kf6 41. Kd3 h5 42. h3 Nd7 43. Kc2 Nb6 44. Kb3 Bh6 45. Nh4 Bd2 46. Nxg6 Be1 47. Nh4 Bxf2 48. Nf5 c4+ 49. Kc3 Nxd5+ 50. Bxd5 Kxf5 51. Kxc4 h4 52. Kd3 Bb6 1/2-1/2